| 000 | 00509nam a2200169Ia 4500 | ||
|---|---|---|---|
| 003 | Ost | ||
| 005 | 20260507075702.0 | ||
| 008 | 260507s9999||||xx |||||||||||||| ||und|| | ||
| 020 | _a360313977 | ||
| 040 | _cfsecg | ||
| 041 | _aara | ||
| 100 |
_aلبيب، فخرى _eمؤلف |
||
| 245 | 0 |
_aمنظمة التجارة العالمية : _bومصالح شعوب الجنوب / _c فخرى لبيب |
|
| 260 |
_aالقاهرة: _bمركز المحروسة, _c2001 |
||
| 300 | _a صفحة؛ | ||
| 942 | _cكتاب | ||
| 999 |
_c45856 _d45856 |
||